[Event "Tourn. n10091"]
[Site "www.echecsemail.com"]
[Date "2019.03.31"]
[Round "1"]
[White "Claudia"]
[Black "Johnmcbride"]
[WhiteElo "1910"]
[BlackElo "1950"]
[Result "1-0"]
[Round "1"]
1.d4 d5
2.c4 dxc4
3.Ng1f3 c6
4.a4 f5
5.e3 b5
6.Nf3e5 g6
7.axb5 cxb5
8.Qd1f3 Bf8g7
9.Qf3xa8 Bg7xe5
10.dxe5 Nb8d7
11.e6 Nd7e5
12.Ra1xa7 g5
13.b3 cxb3
14.Bf1xb5 Kf8
15.Bc1b2 { resign }
1-0

[Event "Tourn. n10092"]
[Site "www.echecsemail.com"]
[Date "2019.03.31"]
[Round "1"]
[White "Picifarkinca"]
[Black "Coolant"]
[WhiteElo "2150"]
[BlackElo "2290"]
[Result "1/2-1/2"]
[Round "1"]
1.e4 c5
2.Nb1c3 e6
3.Ng1e2 Nb8c6
4.g3 a6
5.Bf1g2 b5
6.d3 Bc8b7
7.O-O d5
8.exd5 Nc6d4
9.Ne2f4 g5
10.dxe6 Bb7xg2
11.exf7 Kxf7
12.Nf4xg2 h5
13.Ng2e3 Ng8f6
14.f4 g4
15.Nc3e2 { draw }
1/2-1/2

[Event "Tourn. n10076"]
[Site "www.echecsemail.com"]
[Date "2019.03.31"]
[Round "1"]
[White "Picifarkinca"]
[Black "Balbyns"]
[WhiteElo "2100"]
[BlackElo "2190"]
[Result "1-0"]
[Round "1"]
1.d4 Ng8f6
2.c4 e6
3.Ng1f3 c5
4.Nb1c3 cxd4
5.Nf3xd4 a6
6.e4 e5
7.Nd4c2 Nb8c6
8.Nc2e3 Bf8b4
9.Ne3d5 Nf6xd5
10.cxd5 Nc6d4
11.Bf1d3 d6
12.O-O Bc8d7
13.Nc3e2 Bb4c5
14.Kh1 Bd7g4
15.f3  { time }
1-0

[Event "Tourn. n10087"]
[Site "www.echecsemail.com"]
[Date "2019.03.31"]
[Round "1"]
[White "Bojan"]
[Black "Fegatux"]
[WhiteElo "2020"]
[BlackElo "2240"]
[Result "0-1"]
[Round "1"]
1.e4 e6
2.d4 d5
3.e5 c5
4.c3 Nb8c6
5.Ng1f3 Ng8h6
6.Bc1xh6 gxh6
7.Bf1b5 Qd8b6
8.Qd1e2 c4
9.Bb5a4 Bf8g7
10.h3 O-O
11.Nb1a3 a6
12.Ra1b1 Qb6a5
13.Ba4xc6 bxc6
14.Nf3h2 c5
15.O-O cxd4
16.cxd4 Qa5b6
17.Qe2e3 f5
18.exf6 Bg7xf6
19.Na3c2 Bf6g7
20.Nh2g4 Ra8a7
21.Ng4xh6 Kh8
22.Nh6g4 Ra7f7
23.b3 Qb6c7
24.Rf1c1 cxb3
25.Rb1xb3 Qc7f4
26.Rb3c3 h5
27.Ng4e5 Bg7xe5
28.dxe5 Qf4xf2
29.Qe3xf2 Rf7xf2
30.a3 Bc8d7
31.Nc2d4 Rf2d2
32.Nd4f3 Rd2e2
33.Rc3c7 Rf8f7
34.Rc7a7 Rf7g7
35.Nf3h4 Re2e4
36.Nh4f3 Re4c4
37.Rc1b1 Bd7b5
38.Ra7a8 Kh7
39.Rb1d1 Rc4c2
40.Nf3h4 Rc2a2
41.Rd1f1 Bb5xf1
42.Kxf1 Rg7c7
43.Kg1 Ra2xa3
44.Ra8e8 Rc7c6
45.Nh4f3 Ra3xf3
46.gxf3 Kg7
47.Kf2 Kf7
48.Re8a8 Kg6
49.Ra8f8 a5
50.Rf8f4 Kg5
51.Kg3 h4
52.Rf4xh4 Rc6c4
53.f4 Kg6
54.Rh4g4 Kf7
55.Kf2 a4
56.h4 a3
57.Ke3 a2
58.Rg4g1 Rc4a4
59.Rg1a1 Kg6
{ resign }
0-1

[Event "1/16 Finale"]
[Site "www.chess-mail.com"]
[Date "2019.03.31"]
[Round "1"]
[White "Numanoid"]
[Black "Corr"]
[WhiteElo "2740"]
[BlackElo "2200"]
[Result "1/2-1/2"]
[Round "1"]
1.e4 e5
2.Ng1f3 Nb8c6
3.d4 exd4
4.Nf3xd4 Ng8f6
5.Nd4xc6 dxc6
6.Qd1xd8 Kxd8
7.Bf1d3 Bc8e6
8.O-O Bf8c5
9.Nb1c3 Nf6d7
10.Rf1d1 f6
11.Nc3e2 Ke7
12.c3 Nd7e5
13.Bd3c2 Rh8d8
14.Bc1f4 a5
15.Ne2d4 Be6f7
16.Bf4e3 Bc5b6
17.Nd4f5 Kf8
18.Be3xb6 cxb6
19.Nf5d6 Ne5c4
20.Nd6xf7 Kxf7
21.Bc2b3 b5
22.a4 Ke7
23.Bb3xc4 bxc4
24.f4 Rd8xd1
25.Ra1xd1 b5
26.axb5 cxb5
27.Kf2 b4
28.Ke3 a4
29.cxb4 Ra8b8
30.Rd1d2 Rb8xb4
31.Kd4 c3
32.Kxc3 Rb4xe4
33.g3 Re4e3
34.Kb4 Re3e4
35.Kc3 Re4e3
36.Kb4 Re3e4
37.Kc3 { draw }
1/2-1/2

[Event "Tourn. n10068"]
[Site "www.echecsemail.com"]
[Date "2019.04.01"]
[Round "1"]
[White "Add"]
[Black "Ff333"]
[WhiteElo "2220"]
[BlackElo "2000"]
[Result "0-1"]
[Round "1"]
1.e4 e5
2.d4 exd4
3.Bf1c4 Bf8b4
4.c3 dxc3
5.Nb1xc3 Bb4xc3
6.bxc3 Qd8f6
7.Bc1b2 Qf6g6
8.Qd1f3 d6
9.e5 dxe5
10.Bc4xf7 Qg6xf7
11.Qf3xf7 Kxf7
12.Ng1f3 Nb8c6
13.Nf3g5 Kf8
14.O-O h6
15.Ng5e4 Ng8f6
16.Ne4xf6 gxf6
17.Rf1e1 Rh8g8
18.Ra1b1 Bc8f5
19.Bb2a3 Kf7
20.Rb1xb7 Ra8c8
21.Ba3d6 Ke6
22.Bd6c5 a6
23.g3 Kd5
24.Bc5e3 Nc6a5
25.Rb7b4 Bf5d7
26.c4 Ke6
27.Be3xh6 Rg8g4
28.Re1c1 Bd7b5
29.f4 Na5xc4
30.a4 c5
31.Rb4xc4 Bb5xc4
32.Rc1xc4 Rg4g6
33.f5 Kxf5
34.Bh6e3 Rg6g4
35.Rc4xc5 Rc8xc5
36.Be3xc5 Rg4xa4
37.Kg2 Ke4
38.Bc5e7 f5
39.h4 Ra4a2
40.Kh3 Kf3
41.Be7d6 Ra2a1
42.Kh2 e4
43.h5 Ra1d1
44.Bd6f4 e3
{ resign }
0-1

[Event "Match"]
[Site "www.echecsemail.com"]
[Date "2019.04.01"]
[Round "1"]
[White "Ditto"]
[Black "Llord"]
[WhiteElo "1710"]
[BlackElo "1950"]
[Result "1/2-1/2"]
[Round "1"]
1.e4 e5
2.Ng1f3 Nb8c6
3.Bf1c4 h6
4.d3 Bf8c5
5.c3 Ng8f6
6.O-O O-O
7.Nf3h4 Nf6xe4
8.dxe4 Qd8xh4
9.Qd1d5 d6
10.Nb1d2 Nc6e7
11.Qd5d3 Bc8e6
12.Nd2f3 Qh4h5
13.Bc4xe6 fxe6
14.b4 Bc5b6
15.a4 a6
16.Qd3c2 d5
17.Rf1e1 Rf8f6
18.exd5 Ne7xd5
19.Re1xe5 Qh5f7
20.Bc1d2 Ra8d8
21.Ra1e1 Rd8f8
22.a5 Bb6a7
23.Re5e4 { draw }
1/2-1/2

[Event "Tourn. n10008"]
[Site "www.echecsemail.com"]
[Date "2019.04.01"]
[Round "1"]
[White "Wegaman"]
[Black "Odin"]
[WhiteElo "2030"]
[BlackElo "1940"]
[Result "0-1"]
[Round "1"]
1.d4 d5
2.c4 Nb8c6
3.Ng1f3 Bc8f5
4.Nb1c3 e6
5.e3 h6
6.Bf1e2 Ng8f6
7.O-O Nc6b4
8.Qd1a4 Nb4c6
9.a3 Bf8e7
10.cxd5 exd5
11.Nf3e5 O-O
12.Ne5xc6 bxc6
13.Qa4xc6 Bf5d7
14.Qc6a6 Bd7c8
15.Qa6d3 a6
16.f3 Bc8b7
17.Bc1d2 c5
18.dxc5 Be7xc5
19.Ra1c1 d4
20.exd4 Bc5xd4
21.Kh1 Nf6h5
22.Rc1b1 Qd8h4
23.Bd2e1 Qh4f6
24.Qd3c4 Ra8c8
25.Qc4b3 Bb7a8
26.f4 Qf6c6
27.Be2f3 Qc6c5
28.Bf3xa8 Rc8xa8
29.Qb3a4 Rf8c8
30.Nc3e2 Bd4f6
31.Be1f2 Qc5c2
32.Qa4xc2 Rc8xc2
33.Ne2d4 Rc2xf2
34.Rf1xf2 Bf6xd4
35.Rf2f1 Ra8b8
36.b4 Bd4e3
37.f5 f6
38.Rf1e1 Be3d2
39.Re1e6 a5
40.b5 Nh5f4
41.Re6d6 Bd2c3
42.b6 Rb8b7
43.h3 Nf4e2
44.Rd6c6 Bc3d4
45.Rb1e1 Ne2g3
46.Kh2 Ng3xf5
47.Re1b1 Bd4e5
48.Kg1 Nf5d4
49.Rc6c5 a4
50.Rc5a5 Nd4b3
51.Ra5b5 Be5d4
52.Kf1 Nb3d2
{ resign }
0-1

[Event "Tourn. n10097"]
[Site "www.echecsemail.com"]
[Date "2019.04.01"]
[Round "1"]
[White "Obisporey"]
[Black "Fantomas"]
[WhiteElo "2620"]
[BlackElo "2280"]
[Result "1-0"]
[Round "1"]
1.e4 e6
2.d4 d5
3.Nb1c3 h6
4.Bf1d3 a6
5.Ng1f3 Nb8c6
6.O-O Nc6b4
7.Bd3e2 dxe4
8.Nc3xe4 Ng8f6
9.Ne4xf6 Qd8xf6
10.Nf3e5 Nb4d5
11.c4 Nd5f4
12.Be2f3 Nf4g6
13.Qd1a4 Kd8
14.Bf3xb7 { resign }
1-0

[Event "Tourn. n10071"]
[Site "www.echecsemail.com"]
[Date "2019.04.01"]
[Round "1"]
[White "Jesmantiz"]
[Black "Balbyns"]
[WhiteElo "2040"]
[BlackElo "2150"]
[Result "1-0"]
[Round "1"]
1.d4 Ng8f6
2.e3 d5
3.Bf1d3 e6
4.Nb1d2 c5
5.c3 Nb8c6
6.f4 Bf8e7
7.a3 O-O
8.Ng1f3 c4
9.Bd3c2 b5
10.O-O Qd8b6
11.Kh1 Bc8d7
12.Nf3e5 Nc6xe5
13.fxe5 Nf6e8
14.e4 Bd7c6
15.exd5 Bc6xd5
16.Qd1g4 f5
17.Qg4h3 a5
18.Nd2f3 Ne8c7
19.Bc1f4 b4
20.Nf3g5 Be7xg5
21.Bf4xg5 Ra8b8
22.axb4 axb4
23.Bg5e7 Rf8e8
24.Be7xb4 Rb8a8
25.Ra1e1 Ra8a2
26.Bb4a3 Nc7b5
27.Bc2b1  { time }
1-0

[Event "Tourn. n10054"]
[Site "www.echecsemail.com"]
[Date "2019.04.01"]
[Round "1"]
[White "Passaroa25"]
[Black "Jackbauer"]
[WhiteElo "1810"]
[BlackElo "1840"]
[Result "0-1"]
[Round "1"]
1.Nb1c3 Ng8f6
2.f3 e5
3.e4 c5
4.Ng1e2 Nb8c6
5.d3 h6
6.Ne2g3 d6
7.Bc1d2 Bf8e7
8.Bf1e2 Qd8b6
9.Nc3a4 Qb6d8
10.Bd2c3 Bc8d7
11.b3 O-O
12.Ng3f5 Bd7xf5
13.exf5 Qd8c7
14.O-O b5
15.Na4b2 a6
16.Ra1b1 d5
17.g4 Ra8d8
18.Qd1c1 d4
19.Bc3d2 Nf6h7
20.c3 dxc3
21.Bd2xc3 Be7f6
22.Qc1e3 Rd8d5
23.Kg2 Bf6g5
24.Qe3g1 b4
25.Bc3d2 Bg5xd2
26.Nb2c4 Bd2c3
27.Qg1f2 Bc3d4
28.Qf2g3 f6
29.h4 Nc6e7
30.a4 Ne7c6
31.f4 exf4
32.Qg3xf4 Nc6e5
33.Qf4e4 Rf8d8
34.Rf1e1 Bd4c3
35.Re1d1 Rd5d4
36.Qe4e3 Ne5xg4
37.Be2xg4 Rd4xg4
38.Kh3 Bc3d4
39.Qe3f3 Rg4f4
40.Qf3g3 Bd4f2
41.Rd1f1 Bf2xg3
42.Kxg3 Rf4xc4
43.Kg2 Rd8xd3
44.Rf1f3 Rc4c2
45.Rf3f2 Qc7g3
46.Kf1 Qg3xf2

0-1

[Event "Tourn. n10091"]
[Site "www.echecsemail.com"]
[Date "2019.04.02"]
[Round "1"]
[White "Malbertan"]
[Black "Picifarkinca"]
[WhiteElo "1950"]
[BlackElo "2090"]
[Result "0-1"]
[Round "1"]
1.e4 e5
2.Ng1f3 Nb8c6
3.Bf1c4 Bf8c5
4.b4 Bc5xb4
5.c3 Bb4a5
6.O-O d6
7.d4 Bc8g4
8.Bc4xf7 Kxf7
9.Nf3g5 Qd8xg5
10.f3 Qg5g6
11.fxg4 Ke7
12.d5 Ba5b6
13.Kh1 Nc6b8
14.h4 Ng8f6
15.Bc1g5 Nb8d7
16.Qd1d2 Qg6xe4
17.Nb1a3 h6
18.Ra1e1 hxg5
19.Re1xe4 Rh8xh4

0-1

[Event "Match"]
[Site "www.echecsemail.com"]
[Date "2019.04.02"]
[Round "1"]
[White "Ditto"]
[Black "Micheles"]
[WhiteElo "1710"]
[BlackElo "2490"]
[Result "0-1"]
[Round "1"]
1.d4 Ng8f6
2.c4 g6
3.Ng1f3 Bf8g7
4.Bc1g5 O-O
5.e3 d6
6.Bf1d3 Nb8d7
7.O-O h6
8.Bg5f4 e5
9.dxe5 Nf6h5
10.exd6 Nh5xf4
11.exf4 Bg7xb2
12.Nb1d2 Bb2xa1
13.Qd1xa1 Nd7c5
14.Bd3c2 Qd8xd6
15.Qa1c3 Qd6xf4
16.Qc3b4 b6
17.Qb4b5 Bc8b7
18.Qb5b1 Ra8d8
19.Qb1b2 Rd8xd2
20.Nf3xd2 Qf4xd2
21.h3 Bb7e4
22.Rf1c1 Nc5d3
23.Rc1d1 Qd2xf2
{ resign }
0-1

[Event "Match"]
[Site "www.echecsemail.com"]
[Date "2019.04.02"]
[Round "1"]
[White "Paco"]
[Black "D4minance"]
[WhiteElo "2010"]
[BlackElo "1499"]
[Result "0-1"]
[Round "1"]
1.e4 g6
2.d4 Bf8g7
3.Ng1f3 d6
4.Bf1c4 Ng8f6
5.Nf3g5 O-O
6.O-O h6
7.Ng5f3 Nf6xe4
8.Rf1e1 d5
9.Bc4d3 c5
10.dxc5 Ne4xc5
11.Bd3b5 a6
12.Bb5d3 { time. }
0-1

[Event "Tourn. n10051"]
[Site "www.echecsemail.com"]
[Date "2019.04.02"]
[Round "1"]
[White "Comrade"]
[Black "Szustan"]
[WhiteElo "2270"]
[BlackElo "2530"]
[Result "0-1"]
[Round "1"]
1.c4 e5
2.Nb1c3 Ng8f6
3.g3 d5
4.cxd5 Nf6xd5
5.Bf1g2 Nd5b6
6.Ng1f3 Nb8c6
7.O-O Bf8e7
8.a3 O-O
9.d3 Bc8e6
10.b4 f6
11.Bc1b2 a5
12.bxa5 Ra8xa5
13.Nf3d2 Ra5a6
14.a4 Be7b4
15.Bg2xc6 bxc6
16.Qd1c2 c5
17.Rf1d1 Qd8e7
18.e4 Rf8d8
19.Bb2a3 h6
20.Nc3b5 Ra6xa4
21.Ba3xb4 Ra4xb4
22.Nb5a7 Qe7d6
23.Nd2c4 Qd6d7
24.Nc4a5 Be6g4
25.f3 Qd7d4
26.Kg2 Rb4b2
27.Ra1a2 Rb2xc2
28.Ra2xc2 Qd4a4
{ resign }
0-1

[Event "Tourn. n10014"]
[Site "www.echecsemail.com"]
[Date "2019.04.02"]
[Round "1"]
[White "Sbb"]
[Black "Seger"]
[WhiteElo "2670"]
[BlackElo "2820"]
[Result "1/2-1/2"]
[Round "1"]
1.d4 d5
2.Ng1f3 e6
3.c4 Ng8f6
4.Nb1c3 c5
5.cxd5 Nf6xd5
6.e4 Nd5xc3
7.bxc3 cxd4
8.cxd4 Bf8b4
9.Bc1d2 Bb4xd2
10.Qd1xd2 O-O
11.Bf1c4 b6
12.d5 Nb8a6
13.dxe6 fxe6
14.Ra1d1 Qd8c7
15.Qd2e2 Na6c5
16.O-O a6
17.a3 Qc7e7
18.Qe2e1 Kh8
19.Nf3d4 Bc8b7
20.f3 Ra8b8
21.h3 Rf8d8
22.Qe1b4 Rd8c8
23.e5 a5
24.Qb4e1 Bb7c6
25.Bc4a2 g6
26.Qe1e3 Bc6d7
27.Rf1f2 Nc5a4
28.Nd4e2 Bd7b5
29.Rd1d4 Rc8d8
30.Kh2 Bb5xe2
31.Rd4xa4 Be2b5
32.Ra4f4 Qe7c5
33.Qe3xc5 bxc5
34.Rf2c2 c4
35.Ba2xc4 Rb8c8
36.Bc4b3 Rc8xc2
37.Bb3xc2 Rd8d5
38.Rf4f8 Kg7
39.Rf8a8 Bb5c4
40.Ra8a7 Kg8
41.Kg3 Rd5xe5
42.Ra7c7 Bc4a2
43.Kf4 Re5b5
44.Bc2d3 Rb5h5
45.Bd3e4 Ba2b3
46.h4 Rh5b5
47.Be4d3 Rb5d5
48.Rc7c8 Kg7
49.Rc8c3 Bb3a2
50.g4 e5
51.Ke4 Kf6
52.Rc3c6 Ke7
53.Rc6c7 Kd6
54.Rc7xh7 Rd5d4
55.Ke3 { draw }
1/2-1/2

[Event "Tourn. n10054"]
[Site "www.echecsemail.com"]
[Date "2019.04.02"]
[Round "1"]
[White "Cal"]
[Black "Iko"]
[WhiteElo "1900"]
[BlackElo "1760"]
[Result "0-1"]
[Round "1"]
1.c4 e5
2.a3 d5
3.cxd5 Qd8xd5
4.Nb1c3 Qd5e6
5.e4 Bc8d7
6.h3 Nb8c6
7.Ng1f3 O-O-O
8.d3 Nc6d4
9.Bf1e2 Bf8c5
10.b4 Nd4b3
11.Ra1b1 Bd7a4
12.Nc3d5 c6
13.Nd5c3 b5
14.Bc1b2 Nb3d4
15.Qd1d2 Ng8f6
16.bxc5 Nd4b3
17.Qd2e3 Nf6d7
18.Nf3g5 Qe6g6
19.O-O Nd7xc5
20.Be2g4 Kb8
21.Ng5f3 Nc5xd3
22.Nc3e2 h5
23.Bb2c3 hxg4
24.Bc3xe5 Kb7
25.Nf3h2 gxh3
26.g3 Nd3xe5
27.Ne2f4 Qg6d6
28.Qe3c3 Qd6xa3
29.Rf1c1 Ne5c4
30.Qc3xg7 Nb3xc1
31.Qg7xf7 Kb6
32.Qf7xc4 Rd8d1
33.Nh2f1 h2
34.Kh1 Qa3f3
35.Nf4g2 Qf3xg2
36.Kxg2 h1Q
{ resign }
0-1

[Event "Tourn. n10041"]
[Site "www.echecsemail.com"]
[Date "2019.04.02"]
[Round "1"]
[White "Apdash"]
[Black "Goofy"]
[WhiteElo "2230"]
[BlackElo "2210"]
[Result "0-1"]
[Round "1"]
1.e4 d6
2.d4 Ng8f6
3.Nb1c3 Nb8d7
4.Ng1f3 e5
5.dxe5 dxe5
6.Bf1c4 Bf8e7
7.O-O c6
8.Qd1e2 Qd8c7
9.Rf1d1 h6
10.Bc4b3 Nd7c5
11.Bc1e3 Nc5xb3
12.axb3 Bc8g4
13.h3 Bg4h5
14.g4 Bh5g6
15.Nf3d2 O-O
16.f3 b6
17.Be3f2 Nf6d7
18.h4 h5
19.Kg2 Nd7c5
20.Nc3a4 Nc5e6
21.Kh2 Ne6d4
22.Qe2d3 Ra8d8
23.Qd3c3 a5
24.Ra1c1 Be7b4
25.Qc3e3 Bb4xd2
26.Rd1xd2 Nd4xf3
27.Qe3xf3 Rd8xd2
28.Kg3 hxg4
29.Qf3xg4 Qc7d6
30.Bf2xb6 f5
31.exf5 Bg6xf5
32.Qg4c4 Bf5e6
33.Bb6c5 Rd2g2
{ resign }
0-1

[Event "Tourn. n10052"]
[Site "www.echecsemail.com"]
[Date "2019.04.02"]
[Round "1"]
[White "Iko"]
[Black "Souricette64"]
[WhiteElo "1750"]
[BlackElo "1799"]
[Result "0-1"]
[Round "1"]
1.e4 c5
2.d4 cxd4
3.Qd1xd4 Nb8c6
4.Qd4e3 Ng8f6
5.e5 Qd8a5
6.c3 Qa5xe5
7.f4 Qe5xe3
8.Bc1xe3 d6
9.Nb1d2 Bc8f5
10.Bf1b5 Bf5d7
11.O-O-O e6
12.Rd1e1 Bf8e7
13.h3 O-O
14.a4 a6
15.Bb5d3 Nf6d5
16.Ng1f3 Nd5xe3
17.Re1xe3 d5
18.Nf3e5 Nc6xe5
19.fxe5 Be7g5
20.Re3g3 Bg5xd2
21.Kxd2 Bd7xa4
22.Rh1f1 Ra8c8
23.Rf1f4 Ba4c6
24.Rf4h4 g6
25.c4 dxc4
26.Bd3xc4 Rf8d8
27.Kc3 Bc6d5
28.Rg3g4 b5
29.Rh4h6 Rc8xc4
30.Rg4xc4 Bd5xc4
31.Kb4 Bc4d5
32.Ka5 Bd5xg2
33.h4 Kg7
34.Rh6xh7 Kxh7
35.Kxa6 Rd8b8
36.b4 Bg2c6
37.Ka7 Rb8b7
38.Ka6 Kg8
39.Ka5 Kf8
40.Ka6 Ke7
41.h5 gxh5
42.Ka5 Kd8
43.Ka6 Kc7
44.Ka5 Rb7a7

0-1

[Event "Tourn. n10093"]
[Site "www.echecsemail.com"]
[Date "2019.04.02"]
[Round "1"]
[White "Bojan"]
[Black "Souricette64"]
[WhiteElo "1930"]
[BlackElo "1930"]
[Result "0-1"]
[Round "1"]
1.e4 c5
2.e5 Nb8c6
3.f4 d6
4.exd6 Qd8xd6
5.d3 g6
6.Bf1e2 Bf8g7
7.h3 Ng8f6
8.g3 h5
9.Ng1f3 Nc6d4
10.Nf3xd4 cxd4
11.Be2f3 O-O
12.Nb1d2 Qd6c7
13.Nd2c4 Bc8e6
14.b3 Be6xc4
15.dxc4 d3
16.cxd3 Nf6e4
17.dxe4 Bg7xa1
18.O-O Ra8d8
19.Qd1e2 Ba1c3
20.Bc1e3 Bc3d4
21.Kg2 Bd4xe3
22.Qe2xe3 Qc7a5
23.Rf1f2 b6
24.g4 hxg4
25.Bf3xg4 Qa5c5
26.Qe3c3 Qc5d4
27.Qc3e1 Kg7
28.h4 Rf8h8
29.Kg3 Qd4f6
30.Qe1h1 Rd8d3
31.Rf2f3 Rd3xf3
32.Qh1xf3 Qf6xh4
33.Kg2 Qh4h1
34.Kf2 Rh8h2
35.Ke3 Qh1e1
36.Kd4 Rh2d2
37.Ke5 Qe1a1
{ resign }
0-1

[Event "Tourn. n10052"]
[Site "www.echecsemail.com"]
[Date "2019.04.02"]
[Round "1"]
[White "Iko"]
[Black "Cal"]
[WhiteElo "1750"]
[BlackElo "1900"]
[Result "1-0"]
[Round "1"]
1.e4 e5
2.Ng1f3 d6
3.Bf1d3 h6
4.O-O Ng8f6
5.Nb1c3 Bc8g4
6.h3 Bg4h5
7.g4 Bh5g6
8.Rf1e1 a6
9.b3 c6
10.Bc1a3 Nb8d7
11.Re1e3 Bf8e7
12.Nf3h4 Nd7b6
13.Nh4xg6 fxg6
14.Qd1f3 O-O
15.Ba3b4 a5
16.Bb4a3 c5
17.Bd3b5 Nf6h7
18.Qf3e2 g5
19.Bb5d3 Nb6d7
20.Nc3b5 Rf8f4
21.c3 b6
22.Ba3c1 Nd7f6
23.Bd3c4 Kh8
24.Bc4e6 h5
25.gxh5 Rf4h4
26.Be6g4 d5
27.exd5 Nf6xd5
28.Re3xe5 Nh7f8
29.Re5xd5 Qd8xd5
30.Nb5c7 Qd5d6
31.Nc7xa8 Nf8h7
32.Qe2a6 Qd6c6
33.Na8xb6 Nh7f8
34.Qa6xa5 Nf8h7
35.Nb6d7 Rh4xg4
36.hxg4 Qc6xd7
37.Qa5a8 Nh7f8
38.d4 cxd4
39.cxd4 Qd7xd4
40.Ra1b1 Qd4xg4
41.Qa8g2 Nf8h7
42.Qg2xg4 Nh7f8
43.Bc1xg5 { resign }
1-0

[Event "Tourn. n10092"]
[Site "www.echecsemail.com"]
[Date "2019.04.02"]
[Round "1"]
[White "Louis"]
[Black "Aiko1603"]
[WhiteElo "2050"]
[BlackElo "2130"]
[Result "1-0"]
[Round "1"]
1.a3 c5
2.Ng1f3 Nb8c6
3.e4 g6
4.d4 cxd4
5.Nf3xd4 Bf8g7
6.Bc1e3 d6
7.Nb1c3 Qd8b6
8.Nc3d5 Qb6d8
9.Nd4b5 Ra8b8
10.Nb5xa7 Nc6xa7
11.Be3b6 Qd8d7
12.Bb6xa7 Rb8a8
13.Bf1b5 { resign }
1-0

[Event "Match"]
[Site "www.echecsemail.com"]
[Date "2019.04.02"]
[Round "1"]
[White "Llord"]
[Black "Eeze"]
[WhiteElo "1950"]
[BlackElo "1910"]
[Result "1/2-1/2"]
[Round "1"]
1.e4 e5
2.Ng1f3 d6
3.Bf1c4 c6
4.O-O b5
5.Bc4b3 Bc8g4
6.d3 Bf8e7
7.Nb1d2 a5
8.a3 h6
9.h3 Bg4h5
10.Qd1e1 Ng8f6
11.Nf3h2 O-O
12.Nd2f3 Nb8d7
13.Bc1e3 Qd8c7
14.Nf3h4 d5
15.exd5 cxd5
16.d4 e4
17.Qe1d2 Nd7b6
18.Nh4f5 Nf6h7
19.Be3f4 Qc7d7
20.Nf5g3 Bh5g6
21.Nh2g4 Nb6c4
22.Bb3xc4 bxc4
23.Ng4e5 Qd7e6
24.Ra1e1 Bg6f5
25.Ng3xf5 Qe6xf5
26.f3 Nh7g5
27.h4 Ng5h3
28.gxh3 Qf5xh3
29.Re1e2 Qh3e6
30.Re2g2 Kh7
31.c3 Be7f6
32.Rg2g3 { draw }
1/2-1/2

[Event "Match"]
[Site "www.echecsemail.com"]
[Date "2019.04.03"]
[Round "1"]
[White "Ditto"]
[Black "Gambitmiau"]
[WhiteElo "1710"]
[BlackElo "1890"]
[Result "1-0"]
[Round "1"]
1.d4 d5
2.Ng1f3 Bc8g4
3.Bc1f4 Bg4xf3
4.exf3 e6
5.a3 Nb8c6
6.Bf1b5 Ng8e7
7.O-O a6
8.Bb5d3 f6
9.c3 e5
10.dxe5 fxe5
11.Bf4g5 h6
12.Bg5d2 Qd8d7
13.Rf1e1 O-O-O
14.Bd3c2 Nc6a5
15.Bc2a4 b5
16.Ba4c2 Na5c4
17.Bd2c1 Nc4b6
18.Re1xe5 g5
19.Bc1e3 Bf8g7
20.Re5xe7 Qd7xe7
21.Be3xb6 cxb6
22.Bc2f5 Kb8
23.Nb1d2 d4
24.Qd1c2 dxc3
25.bxc3 Rh8e8
26.Bf5e4 Rd8c8
27.Nd2b3 Bg7xc3
28.Ra1b1 Qe7xa3
29.Qc2e2 Re8d8
30.h3 Bc3e5
31.Qe2e3 Rc8c3
32.Qe3xb6 { resign }
1-0

[Event "Tourn. n10084"]
[Site "www.echecsemail.com"]
[Date "2019.04.03"]
[Round "1"]
[White "Mitja"]
[Black "Bevittsmith"]
[WhiteElo "2070"]
[BlackElo "2230"]
[Result "0-1"]
[Round "1"]
1.d4 Ng8f6
2.e3 d5
3.c3 Bc8f5
4.b3 e6
5.Bc1b2 Bf8e7
6.h3 Nb8d7
7.Ng1f3 c5
8.dxc5 Nd7xc5
9.Nb1a3 a6
10.Na3c2 Qd8c7
11.Nf3d4 Bf5g6
12.Bf1e2 O-O
13.Nd4f3 Rf8d8
14.O-O Nc5e4
15.Qd1e1 Ne4xf2
16.Rf1xf2 Bg6xc2
17.Nf3d4 Bc2e4
18.Nd4f3 Nf6d7
19.Qe1f1 Be7f6
20.Ra1c1 Rd8f8
21.Be2d3 Be4xd3
22.Qf1xd3 Nd7c5
23.Qd3e2 Nc5e4
24.Bb2a3 Rf8c8
{ resign }
0-1

[Event "Match"]
[Site "www.echecsemail.com"]
[Date "2019.04.03"]
[Round "1"]
[White "Apdash"]
[Black "D4minance"]
[WhiteElo "2190"]
[BlackElo "2369"]
[Result "0-1"]
[Round "1"]
1.e4 c5
2.Ng1f3 Nb8c6
3.d4 cxd4
4.Nf3xd4 Ng8f6
5.Nb1c3 e5
6.Nd4b3 Bf8b4
7.Bf1d3 d5
8.exd5 Nf6xd5
9.Bc1d2 Nd5xc3
10.bxc3 Bb4d6
11.O-O O-O
12.Qd1h5 f5
13.Bd3c4 Kh8
14.Ra1d1 Qd8c7
15.Bd2g5 e4
16.f3 Nc6e5
17.Bc4d5 exf3
18.Bd5xf3 Bc8e6
19.Bf3xb7 Ra8e8
20.Bb7d5 g6
21.Qh5h4 Be6xd5
22.Rd1xd5 Ne5g4
23.Rd5xd6 Qc7xd6
24.Bg5f4 Qd6b6
25.Nb3d4 Re8e4
26.Bf4h6 Rf8e8
27.g3 Re4xd4
28.cxd4 Qb6xd4
29.Kh1 Re8e2
30.Rf1b1 Qd4e4
{ resign }
0-1

[Event "Tourn. n10073"]
[Site "www.echecsemail.com"]
[Date "2019.04.03"]
[Round "1"]
[White "Apdash"]
[Black "Souricette64"]
[WhiteElo "2210"]
[BlackElo "2229"]
[Result "0-1"]
[Round "1"]
1.e4 c5
2.Ng1f3 Nb8c6
3.d4 cxd4
4.Nf3xd4 g6
5.Bf1c4 Bf8g7
6.c3 Ng8f6
7.Qd1c2 O-O
8.Bc1g5 Qd8a5
9.Bg5xf6 Bg7xf6
10.Nd4xc6 bxc6
11.O-O Bc8a6
12.Bc4xa6 Qa5xa6
13.Nb1d2 Ra8b8
14.f4 Bf6g7
15.f5 Qa6b6
16.Kh1 Qb6xb2
17.Qc2d3 Qb2xc3
18.Qd3xd7 Rb8d8
19.Qd7xa7 Rd8xd2
20.Qa7xe7 Qc3xa1
21.Rf1xa1 Bg7xa1
22.h3 Rd2e2
23.fxg6 fxg6
24.h4 Re2e1
25.Kh2 Re1f1
26.e5 Rf1f5
27.Qe7e6 Kh8
28.Qe6xc6 Ba1xe5
29.Kh3 Rf5f1
30.Qc6c5 Rf1h1
31.Kg4 Rf8f4
32.Kg5 Rf4f5
33.Kg4 h5
{ resign }
0-1

[Event "1/64 Finale"]
[Site "www.chess-mail.com"]
[Date "2019.04.03"]
[Round "1"]
[White "Hennie4820"]
[Black "Passaroa25"]
[WhiteElo "1940"]
[BlackElo "1770"]
[Result "1-0"]
[Round "1"]
1.e4 Nb8c6
2.d4 d6
3.c4 e5
4.d5 Nc6d4
5.Bc1e3 Bc8d7
6.Be3xd4 exd4
7.Qd1xd4 Ng8f6
8.Ng1f3 h6
9.Bf1e2 Bd7g4
10.O-O b6
11.Nb1c3 Bf8e7
12.h3 Bg4h5
13.Rf1e1 O-O
14.e5 Nf6d7
15.exd6 cxd6
16.Ra1c1 Be7f6
17.Qd4d3 Bh5g6
18.Nf3d4 Bf6xd4
19.Qd3xd4 Nd7e5
20.f4 Ne5d7
21.b4 Nd7f6
22.Be2f3 Qd8c7
23.Nc3b5 Qc7b8
24.Re1e7 Qb8d8
25.Rc1e1 Rf8e8
26.Re7xe8 Nf6xe8
27.a4 Qd8d7
28.c5 Ne8f6
29.c6 Qd7f5
30.Nb5xd6 Qf5c2
31.f5 Bg6xf5
32.Nd6xf5 Qc2xf5
33.d6 Qf5c2
34.d7 Nf6xd7
35.cxd7 Ra8f8
36.d8Q Qc2xa4
37.Qd8xf8 Kh7
38.Qd4xg7 
1-0

[Event "Match"]
[Site "www.echecsemail.com"]
[Date "2019.04.04"]
[Round "1"]
[White "Sae80"]
[Black "Cathar"]
[WhiteElo "2200"]
[BlackElo "2180"]
[Result "1-0"]
[Round "1"]
1.e4 e5
2.Ng1f3 Nb8c6
3.Bf1b5 Ng8f6
4.d3 Bf8c5
5.c3 O-O
6.O-O Rf8e8
7.Bc1g5 h6
8.Bg5h4 a6
9.Bb5xc6 dxc6
10.h3 Bc5a7
11.Rf1e1 Qd8d6
12.d4 Nf6d7
13.Bh4g3 f6
14.Nb1d2 Qd6e7
15.Qd1b3 Kh7
16.a4 exd4
17.cxd4 c5
18.d5 Nd7e5
19.Nf3xe5 fxe5
20.Nd2c4 Qe7f6
21.Re1e3 { resign }
1-0

[Event "Tourn. n10090"]
[Site "www.echecsemail.com"]
[Date "2019.04.04"]
[Round "1"]
[White "Hansen"]
[Black "Cal"]
[WhiteElo "1700"]
[BlackElo "1800"]
[Result "0-1"]
[Round "1"]
1.e4 e5
2.c3 a6
3.Ng1f3 d6
4.Qd1b3 Nb8c6
5.h3 b6
6.d3 h6
7.g4 Ng8f6
8.g5 Nf6h5
9.g6 fxg6
10.h4 Bf8e7
11.Nb1d2 Rh8f8
12.Nf3h2 g5
13.Nh2f3 Bc8g4
14.Nf3h2 Qd8d7
15.f3 Bg4e6
16.c4 Nc6d4
17.Qb3c3 Nh5g3
18.Rh1g1 c5
19.Rg1xg3 Be7f6
20.Nd2b1 gxh4
21.Rg3g1 Be6f7
22.Nh2g4 Nd4xf3
23.Kf2 Nf3d4
24.Bc1e3 Bf7h5
25.Ng4h2 Bf6g5
26.Ke1 Bg5xe3
27.Rg1g2 Qd7h3
28.b4 Be3f2
29.Kd2 Qh3e3
{ resign }
0-1

[Event "Tourn. n10056"]
[Site "www.echecsemail.com"]
[Date "2019.04.04"]
[Round "1"]
[White "Picifarkinca"]
[Black "Andychesston"]
[WhiteElo "1990"]
[BlackElo "1970"]
[Result "1-0"]
[Round "1"]
1.e4 e5
2.f4 Nb8c6
3.Ng1f3 Bf8c5
4.b4 Bc5b6
5.d4 Nc6xd4
6.Nf3xe5 d6
7.Ne5c4 Ng8f6
8.Nc4xb6 c5
9.bxc5 dxc5
10.c3 Bc8g4
11.Qd1a4 Nd4c6
12.Nb6xa8 O-O
13.e5 Nf6e4
14.Qa4xe4 Qd8d1
15.Kf2 Qd1xc1
16.Qe4xh7 Kxh7
17.Bf1d3 g6
18.Rh1xc1 Rf8xa8
19.Bd3e4 Nc6a5
20.h3 Bg4e6
21.Rc1d1 Ra8b8
22.Nb1a3 a6
23.Na3c2 Na5c4
24.Nc2e3 Nc4b2
25.Rd1d2 Nb2a4
26.c4 b5
27.Be4c6 Na4c3
28.Ra1c1 b4
29.Ke1 a5
30.g4 Rb8b6
31.Bc6e8 Nc3e4
32.Rd2d8 Ne4c3
33.Rc1c2 b3
34.axb3 Rb6xb3
35.Be8c6 Nc3e4
36.Ke2 Ne4g3
37.Kf2 a4
38.Rd8d1 a3
39.Rd1a1 Rb3d3
40.Ra1d1 Rd3b3
41.Rd1e1 Ng3h5
42.gxh5 Be6xh3
43.hxg6 fxg6
44.Re1h1 Rb3b2
45.Rh1xh3 Kg7
46.Rc2xb2 axb2
47.Rh3h1 { resign }
1-0

[Event "Tourn. n10061"]
[Site "www.echecsemail.com"]
[Date "2019.04.04"]
[Round "1"]
[White "Esperanza"]
[Black "Jjmcbride"]
[WhiteElo "1660"]
[BlackElo "1620"]
[Result "1/2-1/2"]
[Round "1"]
1.e4 d5
2.e5 d4
3.Ng1f3 c5
4.Bf1c4 Bc8e6
5.Bc4xe6 fxe6
6.O-O Nb8c6
7.d3 Qd8c7
8.Bc1f4 h5
9.Nb1d2 Ng8h6
10.Rf1e1 Nh6f7
11.Qd1e2 g6
12.c3 O-O-O
13.cxd4 cxd4
14.Nd2b3 Nf7h6
15.Ra1c1 Nh6f5
16.Nb3c5 Nf5g7
17.b4 Qc7b6
18.a3 Qb6b5
19.Nf3g5 Rd8d5
20.Ng5xe6 Ng7xe6
21.Nc5xe6 Bf8h6
22.Bf4xh6 { draw }
1/2-1/2